| 000 | 01299nam a2200289 i 4500 | ||
|---|---|---|---|
| 003 | DO-SdBNP | ||
| 005 | 20240304085053.0 | ||
| 007 | ta | ||
| 008 | 240304s2004 dr ad 000 0 spa d | ||
| 020 | _a8482615726 | ||
| 040 |
_aDO-SdBNP _bspa _cBNPHU _erda |
||
| 082 |
_222 _bM722 |
||
| 100 |
_aMolina, Cristina _937120 |
||
| 245 | 1 | 0 |
_aAprendo matemáticas : _bpara niños y niñas de 4 años / _cCristina Molina ; ilustraciones Ruddy Núñez |
| 260 | _c. | ||
| 264 | 1 |
_aSanto Domingo : _bSantillana, _c2004. |
|
| 300 |
_a71 páginas _bilustraciones _c27 cm. |
||
| 336 |
_2rdacontet _atexto _btxt |
||
| 337 |
_2rdamedia _asin mediación _bn |
||
| 338 |
_2rdacarrier _avolumen _bnc |
||
| 500 | _a4 años | ||
| 505 | 0 |
_av. 1 _gunidad 1 -- _tIntroducción a la lógica -- _gunidad 2 -- _tLenguaje conjuntista y codificación -- _gunidad 3 -- _tEstadística -- _gunidad 4 -- _tIntroducción al álgebra -- _gunidad 5 -- _tDescomposición factorial -- _gunidad 6 -- _tEcuaciones de primer grado -- _gunidad 7 -- _tDesigualdades, inecuación y valor absoluto -- _gunidad 8 -- _tIntroducción a la geometría -- _gunidad 9 -- _tLos números complejos -- _gunidad 10 -- _tProbabilidades -- |
|
| 590 | _aInventariado, 2024/ YL | ||
| 700 | 1 |
_aNúñez, Ruddy _eilustraciones _91263 |
|
| 910 | _aYLockward | ||
| 942 |
_2ddc _cLBS1 |
||
| 999 |
_c56022 _d56022 |
||